| 000 | 00405nam a2200133Ia 4500 | ||
|---|---|---|---|
| 008 | 220216s9999 xx 000 0 und d | ||
| 100 | _aKrishnakumar A K | ||
| 245 | 0 | _aResearch and development thrust in natural rubber production in the wake of globalization | |
| 260 |
_bIndian Rubber Journal _c2001 |
||
| 300 | _a28-33 | ||
| 650 | _aRubber industry | ||
| 650 | _aRubber plantation sector | ||
| 942 | _cJS | ||
| 999 |
_c66785 _d66785 |
||